Internal combustion engines : Applied thermosciences

সংরক্ষণ করুন:
গ্রন্থ-পঞ্জীর বিবরন
প্রধান লেখক: Ferguson, Colin R.
অন্যান্য লেখক: Kirkpatrick, Allan T.
বিন্যাস: গ্রন্থ
ভাষা:Vietnamese
প্রকাশিত: Chichester, West Sussex, United Kingdom Wiley 2016
সংস্করন:3rd ed.
বিষয়গুলি:
ট্যাগগুলো: ট্যাগ যুক্ত করুন
কোনো ট্যাগ নেই, প্রথমজন হিসাবে ট্যাগ করুন!
Thư viện lưu trữ: Thư viện Trường Đại học Nam Cần Thơ
LEADER 00831nam a22002057a 4500
001 NCT_65148
008 190808b xxu||||| |||| 00| 0 vie d
999 |c 3156  |d 3156 
020 |a 9781118533314  |c 3040500 
082 0 4 |2 23rd ed.  |a 621.43  |b F354 
100 1 |a Ferguson, Colin R. 
245 1 0 |a Internal combustion engines :  |b Applied thermosciences  |c Colin R. Ferguson, Allan T. Kirkpatrick 
250 |a 3rd ed. 
260 |a Chichester, West Sussex, United Kingdom  |b Wiley  |c 2016 
300 |a xiii, 459 p.  |c 26cm 
653 |a Công nghệ kỹ thuật ô tô 
700 1 |a Kirkpatrick, Allan T.  
942 |2 ddc  |c BK 
952 |0 0  |1 0  |2 ddc  |4 0  |6 621_430000000000000_F354  |7 0  |9 17020  |a 000001  |b 000001  |d 2019-08-08  |o 621.43 F354  |p MD.16022  |r 2019-08-08  |v 999999.99  |w 2019-08-08  |y BK 
980 |a Thư viện Trường Đại học Nam Cần Thơ